<?xml version="1.0" encoding="UTF-8"?>
<record
    xmlns:xsi="http://www.w3.org/2001/XMLSchema-instance"
    xsi:schemaLocation="http://www.loc.gov/MARC21/slim http://www.loc.gov/standards/marcxml/schema/MARC21slim.xsd"
    xmlns="http://www.loc.gov/MARC21/slim">

  <leader>01152nam a22002177a 4500</leader>
  <controlfield tag="005">20211023102727.0</controlfield>
  <controlfield tag="008">211023b           ||||| |||| 00| 0 eng d</controlfield>
  <datafield tag="020" ind1=" " ind2=" ">
    <subfield code="a">019564638X</subfield>
  </datafield>
  <datafield tag="040" ind1=" " ind2=" ">
    <subfield code="c">Aloy</subfield>
  </datafield>
  <datafield tag="041" ind1=" " ind2=" ">
    <subfield code="a">Eng</subfield>
  </datafield>
  <datafield tag="082" ind1=" " ind2=" ">
    <subfield code="2">23</subfield>
    <subfield code="a">324.254</subfield>
    <subfield code="b">HANB</subfield>
  </datafield>
  <datafield tag="100" ind1=" " ind2=" ">
    <subfield code="a">Thomas Blom Hansen</subfield>
    <subfield code="9">1604</subfield>
  </datafield>
  <datafield tag="245" ind1=" " ind2=" ">
    <subfield code="a">BJP and the compulsions of politics in India</subfield>
  </datafield>
  <datafield tag="260" ind1=" " ind2=" ">
    <subfield code="a">Delhi</subfield>
    <subfield code="b">Oxford University Press</subfield>
    <subfield code="c">1998</subfield>
  </datafield>
  <datafield tag="300" ind1=" " ind2=" ">
    <subfield code="a">viii,332p.</subfield>
    <subfield code="b">HB</subfield>
    <subfield code="c">23x15cm.</subfield>
  </datafield>
  <datafield tag="520" ind1=" " ind2=" ">
    <subfield code="a">The BJP which emerged as the single largest party in the Lok Sabha in 1996 is now a serious contender for power at the Centre. This book demonstrates how the BJP is not the national monolith it likes to present itself as. The BJP and its present dilemmas and problems are analysed systematically in a regional perspective. Some of the dilemmas of the BJP at the national level are also explored in a critical perspective. This book is intended for students of social science, teachers, journalists and anybody interested in India.</subfield>
  </datafield>
  <datafield tag="650" ind1=" " ind2=" ">
    <subfield code="a">India Politics  and Government</subfield>
    <subfield code="9">1605</subfield>
  </datafield>
  <datafield tag="700" ind1=" " ind2=" ">
    <subfield code="a">HANSEN (Thomas Blom) Ed</subfield>
    <subfield code="9">1606</subfield>
  </datafield>
  <datafield tag="700" ind1=" " ind2=" ">
    <subfield code="a">JAFFRELOT (Christophe)</subfield>
    <subfield code="9">1607</subfield>
  </datafield>
  <datafield tag="942" ind1=" " ind2=" ">
    <subfield code="2">ddc</subfield>
    <subfield code="c">GF</subfield>
  </datafield>
  <datafield tag="999" ind1=" " ind2=" ">
    <subfield code="c">216658</subfield>
    <subfield code="d">216658</subfield>
  </datafield>
  <datafield tag="952" ind1=" " ind2=" ">
    <subfield code="0">0</subfield>
    <subfield code="1">0</subfield>
    <subfield code="2">ddc</subfield>
    <subfield code="4">0</subfield>
    <subfield code="7">0</subfield>
    <subfield code="8">PS</subfield>
    <subfield code="a">AL</subfield>
    <subfield code="b">AL</subfield>
    <subfield code="d">2021-10-23</subfield>
    <subfield code="l">0</subfield>
    <subfield code="o">324.254 HANB</subfield>
    <subfield code="p">GF01363</subfield>
    <subfield code="r">2021-10-23 00:00:00</subfield>
    <subfield code="w">2021-10-23</subfield>
    <subfield code="y">GF</subfield>
  </datafield>
</record>
